Statistics for Name the flags #1

Click here to take the quiz!

General Stats

  • This quiz has been taken 23 times
  • The average score is 12 of 15

Answer Stats

Answer% Correct
Germany
100%
Japan
100%
United States
100%
China
94%
Romania
94%
Russia
94%
Iraq
83%
Qatar
78%
Latvia
72%
Tunisia
72%
Costa Rica
67%
Bahrain
61%
Chad
61%
Liberia
61%
Palau
44%

Score Distribution

Percentile by Number Answered

Percent of People with Each Score

Your Score History

You have not taken this quiz